000
00313 a2200133 4500
003
OSt
005
20180116182708.0
008
160518b xxu||||| |||| 00| 0 eng d
040
_c
0
100
_a
Muhammad Asif Malik
245
_a
Pakistan Studies
260
_a
Lahore
_c
1998.
942
_a
NBS
_c
BK
_k
954.91 MAL
_2
ddc
999
_c
344256
_d
344256